00524nam a2200181Ia 450000500170000000800410001702000120005804000190007004100120008908200160010110000220011724500460013926000460018530000160023150400590024765000260030685000100033220221122123224.0131103s9999 xx 000 0 und d cRs.5.50 aLoreto College aEnglish a954.03bSEN aSen,Surendra Nath aEighteen fifty - sevencSurendra Nath Sen aCalcuttabThe Publications Divisionc1957 axxi,468 p.  aIncludes index,glossary and bibliographical references aModern Indian History aLCLIB